LEADER 01249nam0 22003493i 450 001 CAG0052950 005 20170908093242.0 100 $a20130502f19001999||||0itac50 ba 101 | $aita 102 $ait 181 1$6z01$ai $bxxxe 182 1$6z01$an 200 1 $aProse$fTommaseo 210 $aMilano$cIstituto Editoriale Italiano$d[19..! 215 $a228 p.$d19 cm 225 | $aClassici italiani$i. Ser. 4$v96 300 $aNell'occhietto: Costruire 300 $aSul dorso: 86. 410 0$1001LO10354929$12001 $aClassici italiani$i. Ser. 4$v96 676 $a854$9SAGGI ITALIANI$v14 700 1$aTommaseo$b, Niccolò$3CFIV012033$4070$0337187 790 1$aTommaseo$b, Nicolò$3CFIV121058$zTommaseo, Niccolò 790 1$aTommasea$b, Nikole$3CFIV284610$zTommaseo, Niccolò 790 1$aThomazaios$b, Nikolaos$3PUVV320450$zTommaseo, Niccolò 790 1$aThomazeos$b, Nikolaos$3PUVV320451$zTommaseo, Niccolò 801 3$aIT$bIT-NA0079$c20130502 850 $aIT-CE0068 912 $aCAG0052950 950 0$aBiblioteca comunale G. Parente$d CPFM 854 TOM$e CP 0000020915 B 1 v.$fT $h20130502$i20130502 977 $a CP 996 $aProse$9309025 997 $aUNISANNIO LEADER 02109nas 2200577-a 450 001 996211007703316 005 20231214213021.0 011 $a1536-0725 035 $a(DE-599)ZDB2078188-X 035 $a(OCoLC)39502300 035 $a(CKB)110978979121023 035 $a(CONSER)--2001213410 035 $a(EXLCZ)99110978979121023 100 $a19980717a19899999 --- a 101 0 $aeng 135 $aurmnu|||||||| 181 $ctxt$2rdacontent 182 $cc$2rdamedia 183 $acr$2rdacarrier 200 00$aAssessment update 210 $a[San Francisco, CA] $c[Jossey-Bass] $cJohn Wiley & Sons 215 $a1 online resource 300 $a"Progress, trends, and practices in higher education." 300 $aPublished: [San Francisco, CA : Jossey-Bass] : Wiley Periodicals, Inc., <2005-> 300 $aEach issue has also a distinctive title, <2005-> 311 08$a1041-6099 531 $aASSESSMENT UPDATE PROGRESS TRENDS AND PRACTICES IN HIGHER EDUCATION 606 $aEducation, Higher$zUnited States$xEvaluation$vPeriodicals 606 $aEducational evaluation$zUnited States$vPeriodicals 606 $aEnseignement supérieur$zÉtats-Unis$xÉvaluation$vPériodiques 606 $aÉvaluation en éducation$zÉtats-Unis$vPériodiques 606 $aHigher Education$2ebps 606 $aAcademic Testing$2ebps 606 $aEducation, Higher$xEvaluation$2fast$3(OCoLC)fst00903055 606 $aEducational evaluation$2fast$3(OCoLC)fst00903437 607 $aUnited States$2fast$1https://id.oclc.org/worldcat/entity/E39PBJtxgQXMWqmjMjjwXRHgrq 608 $aPeriodicals.$2fast 615 0$aEducation, Higher$xEvaluation 615 0$aEducational evaluation 615 6$aEnseignement supérieur$xÉvaluation 615 6$aÉvaluation en éducation 615 7$aHigher Education. 615 7$aAcademic Testing. 615 7$aEducation, Higher$xEvaluation. 615 7$aEducational evaluation. 676 $a379 676 $a378.973 906 $aJOURNAL 912 $a996211007703316 996 $aAssessment update$92054115 997 $aUNISA